| 000 | 00377nam a2200133Ia 4500 | ||
|---|---|---|---|
| 008 | 191111s9999 xx 000 0 und d | ||
| 020 | _a9781305102682 | ||
| 100 | _aGatewood, Robert D. | ||
| 245 |
_cRobert D. Gatewood.-- _aHuman resource selection / |
||
| 250 | _a8th ed | ||
| 260 |
_aUSA : _bCengage Learning _c2016 |
||
| 300 | _axx, 712 pages. | ||
| 650 | _aEmployee selection | ||
| 999 |
_c362574 _d362574 |
||